| 000 -ლიდერი |
| ფიქსირებული სიგრძის საკონტროლო ველი |
01250nam a2200241Ia 4500 |
| 001 - საკონტროლო ნომერი |
| საკონტროლო ველი |
17945 |
| 003 - საკონტროლო ნომრის იდენტიფიკატორი |
| საკონტროლო ველი |
GE_BSU |
| 005 - ბოლო ოპერაციის თარიღი და დრო |
| საკონტროლო ველი |
20200302102439.0 |
| 008 - ფიქსირებული სიგრძის მონაცემთა ელემენტები - ზოგადი ინფორმაცია |
| ფიქსირებული სიგრძის საკონტროლო ველი |
181216s1966ge xx |||||||||||||| ||geo|| |
| 040 ## - კატალოგიზაციის წყარო |
| Transcribing agency |
GE_BSU |
| 041 ## - ენის კოდი |
| Language code of text/sound track or separate title |
geo |
| 080 ## - უნივერსალური ათობითი კლასიფიკაციის ინდექსი |
| Universal Decimal Classification number |
811.353.1-26 ი-50 |
| 100 ## - მთავარი ჩანაწერი - პიროვნების სახელი |
| Personal name |
იმნაიშვილი, ივანე. |
| 9 (RLIN) |
7657 |
| 245 ## - ცნობა სათაურის შესახებ |
| Title |
ქართული პოეტური ენის საკითხები : |
| Remainder of title |
[რუსთაველის მაგალითზე] / |
| Statement of responsibility, etc |
ივანე იმნაიშვილი ; რედ. შ.ძიძიგური ; მხატვ. ნ.ქართველიშვილი. |
| 264 ## - წარმოების, გამოცემის, დისტრიბუციის და სხვა ცნობები |
| გამოცემის, წარმოების, დისტრიბუციის... ადგილი |
თბილისი : |
| გამოცემის, წარმოების, დისტრიბუციის... სახელწოდება |
ლიტერატურა და ხელოვნება, |
| გამოცემის, წარმოების, დისტრიბუციის... თარიღი |
1966. |
| 300 ## - ფიზიკური აღწერა |
| Extent |
185გვ. ; |
| Dimensions |
21 სმ. |
| 653 ## - INDEX TERM--UNCONTROLLED |
| Uncontrolled term |
რუსთაველი შოთა; ქართველ მწერალთა ენა |
| 653 ## - INDEX TERM--UNCONTROLLED |
| Uncontrolled term |
ქართული პოეტური ენის საკითხები |
| 700 ## - ADDED ENTRY--PERSONAL NAME |
| Personal name |
ძიძიგური, .შ |
| Relator term |
რედაქტორი |
| 9 (RLIN) |
7658 |
| 700 ## - ADDED ENTRY--PERSONAL NAME |
| Personal name |
.ქართველიშვილი, ნ |
| Relator term |
მხატვარი |
| 9 (RLIN) |
7659 |
| 942 ## - ADDED ENTRY ELEMENTS (KOHA) |
| Koha item type |
წიგნი |
| Source of classification or shelving scheme |
|